Las Fuentes para la historia de la clase trabajadora costarricense

La autora se refiere en este trabajo a las principales fuentes existentes para el estudio del movimiento obrero y sindical costarricense, con el objeto de tener un panorama general, que luego permita definir prioridades y estrategias para la eventual creación de un centro de documentación. Señala qu...

Ausführliche Beschreibung

Gespeichert in:
Bibliographische Detailangaben
1. Verfasser: Aguilar Hernández, Marielos
Format: Text
Veröffentlicht: San José: FLACSO
Schlagworte:
Tags: Tag hinzufügen
Keine Tags, Fügen Sie den ersten Tag hinzu!

MARC

LEADER 00000 a a2200000 04500
001 3459
003
040
020 |a [sin ISBN]  
022 |a [sin ISBN]  
090 |a 113200  
100 |a Aguilar Hernández, Marielos  
245 |a Las Fuentes para la historia de la clase trabajadora costarricense  
260 |a San José:   |b FLACSO  
300 |a 29 p  
520 |a La autora se refiere en este trabajo a las principales fuentes existentes para el estudio del movimiento obrero y sindical costarricense, con el objeto de tener un panorama general, que luego permita definir prioridades y estrategias para la eventual creación de un centro de documentación. Señala que uno de los principales obstáculos que han debido enfrentar los que estudian al movimiento obrero y sindical ha sido la dispersión de las fuentes y, debido a ello, un esfuerzo por concentrar tales fuentes puede redundar muy positivamente en la ampliación de las investigaciones sobre esa temática. En el documento se revisan: a.- las fuentes periodísticas, b.- la documentación de las organizaciones de los trabajadores. Luego se examinan las investigaciones sobre el movimiento obrero y sindical costarricense. Por último, se examinan las labores de los institutos de investigación del movimiento obrero y sindical del país. MB/MR  
650 |a HISTORIA SOCIAL  
650 |a MOVIMIENTOS OBREROS  
650 |a FUENTES DE INFORMACION  
650 |a ACCESO A LA INFORMACION  
650 |a SINDICALISMO  
650 |a SERVICIOS DE INFORMACION  
999 |c 2662  |d 2662